000 00468nam a2200169Ia 4500
008 210210b2001 xxu||||| |||| 00| 0 eng d
020 _a81 7133 521 7
082 _a591 KOTZ
100 _aKOTPAL (R L).
245 _aZoology phylum, Mollusca: a text book for college and university students. Ed 8.
250 _a
260 _aMeerut.
_bRastogi Publications.,
_c2001
300 _aviii,240
650 _aMollusca Phylum
690 _aZoology
906 _a057600
999 _c104935
_d104935